Genetics : The clash between, the new genetics and human values
में बचाया:
| मुख्य लेखक: | |
|---|---|
| स्वरूप: | पुस्तक |
| भाषा: | Undetermined |
| प्रकाशित: |
Massachusetts
Harvard University Press
1989
|
| विषय: | |
| टैग : |
टैग जोड़ें
कोई टैग नहीं, इस रिकॉर्ड को टैग करने वाले पहले व्यक्ति बनें!
|
| Thư viện lưu trữ: | Trung tâm Học liệu Trường Đại học Cần Thơ |
|---|
| LEADER | 00553nam a2200193Ia 4500 | ||
|---|---|---|---|
| 001 | CTU_78617 | ||
| 008 | 210402s9999 xx 000 0 und d | ||
| 082 | |a 174.25 | ||
| 082 | |b S968 | ||
| 100 | |a Suzuki, David | ||
| 245 | 0 | |a Genetics : | |
| 245 | 4 | |b The clash between, the new genetics and human values | |
| 245 | 0 | |c David Suzuki | |
| 260 | |a Massachusetts | ||
| 260 | |b Harvard University Press | ||
| 260 | |c 1989 | ||
| 650 | |a Genetic engineering | ||
| 650 | |x Moral and ethical aspects | ||
| 980 | |a Trung tâm Học liệu Trường Đại học Cần Thơ | ||